[Event "VL1 1995/96"]
[Site "masterchessopen.com NRW (Germany)"]
[Round "0"]
[White "Kaid Almar (GER)"]
[Black "Bachmann Rolf (GER)"]
[Result "0-1"]
[WhiteElo "2175"]
[BlackElo "2040"]

1.e4 c5 2.Nf3 e6 3.Nc3 d6 4.d4 cxd4 5.Nxd4 Nf6 6.g3 Be7 7.Bg2 a6 8.O-O Qc7
9.Be3 Nc6 10.f4 O-O 11.Kh1 Bd7 12.a4 Na5 13.Qe2 Rac8 14.h3 Nc4 15.Bc1 Rfe8
16.b3 Na5 17.Bb2 Nc6 18.Nf3 e5 19.Rad1 Nh5 20.Qf2 exf4 21.gxf4 Nb4 22.Nd4 Bf6
23.Qf3 g6 24.Qf2 Qd8 25.Ba3 Bh4 26.Qf3 Ng3+ 27.Kg1 Nxc2 28.Nxc2 Rxc3 29.Qf2
Nxf1 30.Qxf1 Rxc2 31.Qd3 Rxg2+ 32.Kxg2 Bc6 33.Qxd6 Qxd6 34.Rxd6 Be7 {#R} 0-1

[Event "It (open)"]
[Site "masterchessopen.com Zalakaros (Hungary)"]
[Round "6"]
[White "Porubszky-Angyalosine Maria (HUN)"]
[Black "Ursic Simona (SLO)"]
[Result "1-0"]
[WhiteElo "2023"]
[BlackElo "2065"]

1.e4 c5 2.Nf3 d6 3.d4 cxd4 4.Nxd4 Nf6 5.Nc3 e6 6.g3 Nc6 7.Bg2 Be7 8.Nxc6 bxc6
9.e5 Nd5 10.exd6 Bxd6 11.Ne4 Be7 12.O-O Bb7 13.Qe2 Qb6 14.Rd1 O-O 15.a3 Rfd8
16.c4 Nf6 17.Bg5 c5 18.Nxf6+ Bxf6 19.Bxf6 gxf6 20.Bxb7 Qxb7 21.Rd2 e5 22.Rad1
Rd4 23.Rxd4 exd4 24.b4 cxb4 25.axb4 Qxb4 26.Rxd4 a5 27.Qg4+ Kf8 28.Qf3 Re8
29.Qxf6 Qe1+ 30.Kg2 Qe5 31.Qh6+ Qg7 32.Qd6+ Re7 33.Re4 {#r} 1-0

[Event "Ch Hessen (team) 1996/97"]
[Site "masterchessopen.com Hessen (Germany)"]
[Round "0"]
[White "Schlamp Robert (GER)"]
[Black "Beck Daniel (GER)"]
[Result "1-0"]
[WhiteElo "2339"]
[BlackElo "2132"]

1.e4 c5 2.Nf3 d6 3.d4 cxd4 4.Nxd4 Nf6 5.Nc3 e6 6.g3 Nc6 7.Bg2 Bd7 8.O-O a6
9.a4 Be7 10.Re1 Rc8 11.Nb3 O-O 12.a5 Qc7 13.g4 Ne5 14.g5 Ne8 15.f4 Nc4 16.f5
Qd8 17.Qh5 b5 18.Rf1 b4 19.Ne2 g6 20.Qh6 exf5 21.exf5 Bxf5 22.Rxf5 gxf5
23.Nbd4 Rc5 24.b3 Nxa5 25.Bd2 Re5 26.Rf1 f4 27.h4 Qb6 28.Kh1 Nc6 29.Bxf4 Nxd4
30.Bxe5 Nxe2 31.Be4 f5 32.g6 dxe5 33.Qxh7# 1-0

[Event "It (open)"]
[Site "masterchessopen.com Kastel Stari (Croatia)"]
[Round "1"]
[White "Paraminski Albina (CRO)"]
[Black "Cvitan Ognjen (CRO)"]
[Result "0-1"]
[WhiteElo "2146"]
[BlackElo "2570"]

1.e4 c5 2.Nf3 e6 3.d4 cxd4 4.Nxd4 Nf6 5.Nc3 d6 6.g3 a6 7.Bg2 Qc7 8.O-O Be7
9.a4 Nc6 10.Nxc6 bxc6 11.a5 Bb7 12.Be3 c5 13.f4 O-O 14.Bf2 Nd7 15.Qe2 Rfe8
16.Rfd1 Rad8 17.Qc4 Rc8 18.Rd2 Nb8 19.Ne2 Nc6 20.Qa4 Rb8 21.c3 Ba8 22.f5 Bg5
23.Nf4 Ne5 24.h3 exf5 25.exf5 Bxg2 26.Kxg2 Qb7+ {#R} 0-1

[Event "It (open)"]
[Site "masterchessopen.com Komarno (Slovakia)"]
[Round "0"]
[White "Manik Mikulas (SVK)"]
[Black "Mirumian Vigen (CZE)"]
[Result "1-0"]
[WhiteElo "2465"]
[BlackElo "2490"]

1.e4 c5 2.Nf3 e6 3.d4 cxd4 4.Nxd4 Nf6 5.Nc3 d6 6.g3 Nc6 7.Bg2 Bd7 8.O-O Be7
9.Be3 a6 10.Nb3 O-O 11.f4 Rc8 12.Na4 b5 13.Nb6 Rc7 14.a4 b4 15.g4 Bc8 16.g5
Nd7 17.Rf2 Bb7 18.Rd2 e5 19.Nd5 exf4 20.Bxf4 Nce5 21.Nxc7 Qxc7 22.Rd4 a5
23.Qe2 Bc6 24.h4 Re8 25.Rd2 Bf8 26.Nd4 Nc5 27.Nxc6 Qxc6 28.Qb5 Qc8 29.Rf1 Qa8
30.Rd5 Rb8 31.Qe2 Ncd7 32.Qf2 Rb7 33.Bg3 Rc7 34.Bh3 Nc5 35.Rxc5 {#r} 1-0

[Event "It (open)"]
[Site "masterchessopen.com Metz (France)"]
[Round "8"]
[White "Inkiov Ventzislav (BUL)"]
[Black "Haik Aldo (FRA)"]
[Result "0-1"]
[WhiteElo "2480"]
[BlackElo "2405"]

1.e4 c5 2.Nf3 d6 3.d4 cxd4 4.Nxd4 Nf6 5.Nc3 e6 6.g3 Be7 7.Bg2 a6 8.O-O Qc7
9.g4 h6 10.f4 Nc6 11.Nb3 g5 12.e5 dxe5 13.fxg5 hxg5 14.Bxg5 Nd5 15.Bxe7 Ncxe7
16.Ne4 f5 17.c4 fxe4 18.cxd5 Qb6+ 19.Kh1 exd5 20.Qe1 Bd7 21.Qg3 Ng6 22.Rad1
Bb5 23.Rf5 O-O-O 24.g5 Rd6 25.Rf6 Rxf6 26.gxf6 Qxf6 27.Rxd5 Bc6 28.Rc5 Rd8
29.Qg4+ Kb8 30.Na5 Bd5 31.Bh3 Be6 32.Rc6 bxc6 33.Qg1 Qf3+ 34.Bg2 Rd1 35.Nxc6+
Kc7 {#R} 0-1

[Event "It \"]
[Site "masterchessopen.com Monaco"]
[Round "3"]
[White "Lautier Joel (FRA)"]
[Black "Andersson Ulf (SWE)"]
[Result "1-0"]
[WhiteElo "2660"]
[BlackElo "2640"]

1.e4 c5 2.Nf3 d6 3.d4 cxd4 4.Nxd4 Nf6 5.Nc3 e6 6.g3 Nc6 7.Bg2 Bd7 8.O-O Be7
9.Nb3 O-O 10.g4 h6 11.f4 b5 12.e5 dxe5 13.g5 hxg5 14.fxg5 Nd5 15.Nxd5 exd5
16.Qxd5 Rc8 17.c3 Be6 18.Qxb5 a6 19.Qxa6 Nb8 20.Qa5 Bxg5 21.Qxe5 Bxc1 22.Raxc1
Nc6 23.Qb5 Ne7 24.Rf2 Ng6 25.Nd4 Bxa2 26.b3 Rxc3 27.Rxc3 Qxd4 28.Qc4 Qb6
29.Kf1 Bb1 30.Qc5 Qa6+ 31.Kg1 Nh4 32.Bd5 Bg6 33.b4 Rd8 34.Qc4 Qa7 35.Qxh4 {#r}
1-0

[Event "It (open)"]
[Site "masterchessopen.com Visegrad (Hungary)"]
[Round "7"]
[White "Bokros Albert (HUN)"]
[Black "Pinter Gabor (HUN)"]
[Result "1-0"]
[WhiteElo "2310"]
[BlackElo "2155"]

1.e4 c5 2.Nf3 e6 3.d4 cxd4 4.Nxd4 Nf6 5.Nc3 d6 6.g3 a6 7.Bg2 Qc7 8.O-O Be7
9.a4 Nc6 10.Nb3 b6 11.h3 O-O 12.Be3 Bb7 13.f4 Rfe8 14.Qe2 Rac8 15.Qf2 Nd7
16.g4 Bf8 17.Rad1 Nc5 18.g5 Rcd8 19.h4 Bc8 20.h5 Nb4 21.Rd4 Nc6 22.Rd2 Bb7
23.Qg3 Ne7 24.f5 exf5 25.exf5 Bxg2 26.Rxg2 Qd7 27.Nd4 Nc6 28.f6 Nxd4 29.Bxd4
d5 30.g6 hxg6 31.hxg6 Ne4 32.Nxe4 dxe4 33.gxf7+ Kxf7 34.fxg7+ Ke6 35.g8=Q+
{#r} 1-0

[Event "It (open)"]
[Site "masterchessopen.com Zadar (Croatia)"]
[Round "7"]
[White "Ljubicic Filip (CRO)"]
[Black "Batarelo Zlatko (CRO)"]
[Result "1-0"]
[WhiteElo "2395"]
[BlackElo "2125"]

1.e4 c5 2.Nf3 e6 3.d4 cxd4 4.Nxd4 Nf6 5.Nc3 d6 6.g3 Nc6 7.Bg2 Bd7 8.O-O Be7
9.Ndb5 Qb8 10.a4 a6 11.Na3 Qc7 12.Be3 Rb8 13.Qe2 O-O 14.Rfd1 Rfc8 15.h3 Na5
16.Bf1 Bc6 17.Bf4 Qb6 18.Rab1 Qb4 19.Bd2 Nxe4 20.Nxe4 Qxe4 21.Qxe4 Bxe4
22.Bxa5 d5 23.Bd3 Bf3 {#r} 1-0

[Event "It (open)"]
[Site "masterchessopen.com Aosta (Italy)"]
[Round "8"]
[White "Mantovani Renzo (ITA)"]
[Black "Guido Flavio (ITA)"]
[Result "1-0"]
[WhiteElo "2380"]
[BlackElo "2355"]

1.e4 c5 2.Nf3 e6 3.d4 cxd4 4.Nxd4 Nf6 5.Nc3 d6 6.g3 a6 7.Bg2 Qc7 8.O-O Be7
9.Re1 O-O 10.a4 Nc6 11.Nxc6 bxc6 12.a5 Nd7 13.b3 Bb7 14.Bb2 c5 15.Qd2 Rad8
16.Na4 h6 17.h4 Rfe8 18.Re3 Bc6 19.Bc3 Rb8 20.Nb2 Red8 21.Nc4 Bf8 22.Rd1 d5
23.exd5 exd5 24.Ne5 Nxe5 25.Bxe5 Bd6 26.Bxd6 Rxd6 27.Rde1 Rb5 28.Bf1 Qxa5
29.Re8+ Bxe8 30.Rxe8+ Kh7 31.Qf4 Qc7 32.Bd3+ f5 33.Qxf5+ g6 34.Qe5 {#r} 1-0

[Event "It (w) (b)"]
[Site "masterchessopen.com Bucharest (Romania)"]
[Round "0"]
[White "Zatonskih Anna (USA)"]
[Black "Sandu Mihaela (ROM)"]
[Result "1-0"]
[WhiteElo "2320"]
[BlackElo "2221"]

1.e4 c5 2.Nf3 e6 3.d4 cxd4 4.Nxd4 Nf6 5.Nc3 d6 6.g3 a6 7.Bg2 Qc7 8.O-O Nc6
9.Nb3 b5 10.Bg5 Be7 11.a4 b4 12.Ne2 Bb7 13.Qd2 O-O 14.Rfd1 Rfd8 15.a5 d5
16.Bxf6 dxe4 17.Bd4 Nxd4 18.Nexd4 e5 19.Ne6 fxe6 20.Qe2 Rac8 21.Rxd8+ Bxd8
22.Bxe4 Bxe4 23.Qxe4 Qxc2 24.Qxb4 Qxb2 25.Qa4 Bg5 26.Qd7 Rf8 27.Qxe6+ Kh8
28.Rf1 Qc3 29.Qd6 Rd8 30.Qb6 e4 31.Nc5 e3 32.Ne4 exf2+ 33.Qxf2 {#r} 1-0

[Event "Memorial M. Najdorf"]
[Site "masterchessopen.com Buenos Aires (Argentina)"]
[Round "1"]
[White "Hernandez Gilberto (MEX)"]
[Black "Burgeois Williams (URU)"]
[Result "1-0"]
[WhiteElo "2520"]
[BlackElo "2090"]

1.e4 c5 2.Nf3 e6 3.d4 cxd4 4.Nxd4 Nf6 5.Nc3 d6 6.g3 a6 7.Bg2 Qc7 8.O-O Nc6
9.Re1 Be7 10.Nxc6 bxc6 11.e5 dxe5 12.Rxe5 O-O 13.Re2 Rd8 14.Qe1 Rb8 15.Na4 Bd7
16.Bd2 Rdc8 17.Rd1 c5 18.Bf4 Qa7 19.Bxb8 Rxb8 20.b3 c4 21.Nb2 cxb3 22.axb3 Bb5
23.Nd3 Bf8 24.h3 Rc8 25.Rxe6 Rb8 26.Re3 {#r} 1-0

[Event "It (open) \"]
[Site "masterchessopen.com Copenhagen (Denmark)"]
[Round "9"]
[White "Hansen Gunnar West (DEN)"]
[Black "Henrichsen Jens (DEN)"]
[Result "1-0"]
[WhiteElo "2245"]
[BlackElo "2075"]

1.e4 e6 2.Nf3 c5 3.d4 cxd4 4.Nxd4 Nf6 5.Nc3 d6 6.g3 Be7 7.Bg2 O-O 8.O-O a6
9.a4 Qc7 10.Be3 Nc6 11.Nxc6 bxc6 12.a5 Nd7 13.Na4 c5 14.Qd2 Rb8 15.c3 Bb7
16.b4 Bc6 17.Bf4 Bxa4 18.Rxa4 Qc6 19.Ra2 Ne5 20.Rd1 Rfd8 21.bxc5 Nc4 22.cxd6
Nxd2 23.dxe7 Nf3+ 24.Bxf3 Rxd1+ 25.Bxd1 Rb7 26.Ba4 Rb1+ 27.Kg2 Rb5 28.Bxb5
{#r} 1-0

[Event "Zt (w)"]
[Site "masterchessopen.com Dresden (Germany)"]
[Round "11"]
[White "Schmid Shahanah (SUI)"]
[Black "Mihevc Narcisa (SLO)"]
[Result "1-0"]
[WhiteElo "2069"]
[BlackElo "2200"]

1.e4 c5 2.Nf3 e6 3.d4 cxd4 4.Nxd4 Nf6 5.Nc3 d6 6.g3 a6 7.Bg2 Be7 8.O-O O-O
9.a4 Qc7 10.Kh1 Bd7 11.f4 Nc6 12.Nb3 Rab8 13.a5 b6 14.axb6 Qxb6 15.Qe2 Nb4
16.Be3 Qc7 17.Nd4 Rfc8 18.g4 Nc6 19.Nb3 Nb4 20.g5 Ne8 21.Qf2 Bf8 22.f5 exf5
23.Nd4 g6 24.exf5 Bxf5 25.Nxf5 gxf5 26.Qxf5 Ng7 27.Qf2 Qc4 28.Ra4 Qe6 29.Be4
d5 30.Bg2 Rd8 31.Bd4 Ne8 32.Bh3 Qg6 33.Bf5 Qh5 34.Be6 Nd6 35.Qf6 {#r} 1-0

[Event "Bundesliga (2nd) East 1997/98"]
[Site "masterchessopen.com Germany"]
[Round "0"]
[White "Pfretzschner Roland (GER)"]
[Black "Schoeneberg Manfred (GER)"]
[Result "1-0"]
[WhiteElo "2285"]
[BlackElo "2345"]

1.e4 c5 2.Nf3 e6 3.d4 cxd4 4.Nxd4 Nf6 5.Nc3 d6 6.g3 Be7 7.Bg2 O-O 8.O-O a6
9.Be3 Nc6 10.Nxc6 bxc6 11.Na4 Rb8 12.c4 e5 13.b3 Bg4 14.Qd3 Qc8 15.c5 Rd8
16.cxd6 Bxd6 17.Qc2 Ba3 18.Nb6 Qe6 19.f3 Bh3 20.Rad1 Bxg2 21.Kxg2 Ne8 22.Rd3
Rxd3 23.Qxd3 Nc7 24.Rd1 h6 25.Nc4 Qe7 26.Qd7 Nd5 27.Qxc6 Nxe3+ 28.Nxe3 Qa7
29.Nd5 Rb5 30.Qe8+ Kh7 31.Nf6+ gxf6 32.Rd8 {#r} 1-0

[Event "It (open)"]
[Site "masterchessopen.com Goch (Germany)"]
[Round "3"]
[White "Jung Thomas (GER)"]
[Black "Mirumian Vigen (CZE)"]
[Result "0-1"]
[WhiteElo "2136"]
[BlackElo "2470"]

1.e4 c5 2.Nf3 e6 3.d4 cxd4 4.Nxd4 Nf6 5.Nc3 d6 6.g3 Nc6 7.Bg2 Bd7 8.Be3 Be7
9.O-O a6 10.a4 O-O 11.Nb3 Ne5 12.Qe2 Qc7 13.f3 Nc4 14.Bc1 b5 15.g4 bxa4
16.Nxa4 Rfc8 17.Nc3 a5 18.Re1 a4 19.Nd2 Nxb2 20.Rb1 Qxc3 21.Bxb2 Qc5+ 22.Kh1
a3 23.Ba1 Qxc2 24.f4 Rab8 25.Rxb8 Rxb8 26.e5 Bb5 {#R} 0-1

[Event "It (cat.10)"]
[Site "masterchessopen.com Kozhikode (India)"]
[Round "8"]
[White "Prasad Devaki V (IND)"]
[Black "Murugan Krishnamoorthy (IND)"]
[Result "0-1"]
[WhiteElo "2405"]
[BlackElo "2385"]

1.e4 c5 2.Nf3 e6 3.d4 cxd4 4.Nxd4 Nf6 5.Nc3 d6 6.g3 Nc6 7.Bg2 Bd7 8.Nde2 a6
9.a4 Rb8 10.O-O Be7 11.h3 b5 12.axb5 axb5 13.b3 b4 14.Na4 O-O 15.Be3 Qc7 16.f4
Rfd8 17.Qe1 Na5 18.Nb6 Rxb6 19.Rxa5 Rb7 20.Ra2 Bc6 21.g4 Nxe4 22.Nd4 d5 23.Ra6
Bb5 24.Nxb5 Rxb5 25.Qe2 Nc3 26.Qd3 Bc5 27.Rfa1 Qxf4 28.Bxc5 Rxc5 {#R} 0-1

[Event "It (open)"]
[Site "masterchessopen.com Porto San Giorgio (Italy)"]
[Round "9"]
[White "Barlov Dragan (SRB)"]
[Black "Aleksieva Silvia (FRA)"]
[Result "0-1"]
[WhiteElo "2495"]
[BlackElo "2335"]

1.e4 c5 2.Nf3 e6 3.d4 cxd4 4.Nxd4 Nf6 5.Nc3 d6 6.g3 a6 7.Bg2 Qc7 8.O-O Be7
9.Be3 O-O 10.g4 Re8 11.g5 Nfd7 12.f4 Nc6 13.a4 Bf8 14.Qe2 Nxd4 15.Bxd4 b6
16.f5 Ne5 17.Rf2 Rb8 18.Raf1 Qc4 19.Qd1 b5 20.axb5 axb5 21.g6 fxg6 22.fxg6
Nxg6 23.b3 Qb4 24.Ne2 Bb7 25.c3 Qa5 26.Ng3 b4 27.c4 Qg5 28.Qe1 Ne5 29.Qe2 Be7
30.Be3 Qg4 {#R} 0-1

[Event "Ch World (universities) (w)"]
[Site "masterchessopen.com Rotterdam (Netherlands)"]
[Round "8"]
[White "Kalinina Vladislava (UKR)"]
[Black "Khurtsidze Nino (GEO)"]
[Result "0-1"]
[WhiteElo "2165"]
[BlackElo "2375"]

1.e4 c5 2.Nf3 e6 3.d4 cxd4 4.Nxd4 Nf6 5.Nc3 d6 6.g3 a6 7.Bg2 Qc7 8.O-O Nc6
9.Nb3 b5 10.a3 Bb7 11.f4 Be7 12.Be3 Rd8 13.Qe2 O-O 14.g4 b4 15.axb4 Nxb4 16.g5
Nd7 17.Rf3 Rfe8 18.Rh3 d5 19.exd5 exd5 20.Qh5 Nf8 21.f5 Nxc2 22.g6 fxg6
23.fxg6 Nxe3 24.gxh7+ Kh8 25.Qf7 Nd7 26.Rg3 Bf6 27.Bh3 d4 28.Be6 Rxe6 29.Qxe6
dxc3 30.Rxe3 cxb2 31.Rf1 Qc2 32.Re2 Qg6+ 33.Kf2 Bh4+ {#R} 0-1

[Event "Ch World (universities) (w)"]
[Site "masterchessopen.com Rotterdam (Netherlands)"]
[Round "5"]
[White "Lendvai Edit (HUN)"]
[Black "Schmid Shahanah (SUI)"]
[Result "1-0"]
[WhiteElo "2039"]
[BlackElo "2069"]

1.e4 c5 2.Nf3 d6 3.d4 cxd4 4.Nxd4 Nf6 5.Nc3 e6 6.g3 a6 7.Bg2 Be7 8.O-O Qc7
9.Re1 Bd7 10.f4 Nc6 11.Be3 O-O 12.a4 b6 13.h3 Rac8 14.g4 Nxd4 15.Qxd4 b5
16.axb5 e5 17.Qd3 axb5 18.g5 Ne8 19.Nd5 Qd8 20.Bb6 Nc7 21.Ra7 Nxd5 22.Bxd8
Nxf4 23.Bxe7 Nxd3 24.cxd3 {#r} 1-0

[Event "It"]
[Site "masterchessopen.com Szeged (Hungary)"]
[Round "1"]
[White "Farkas Tibor (SRB)"]
[Black "Papp Z Csaba (HUN)"]
[Result "1-0"]
[WhiteElo "2275"]
[BlackElo "2310"]

1.e4 c5 2.Nf3 d6 3.d4 cxd4 4.Nxd4 Nf6 5.Nc3 e6 6.g3 Be7 7.Bg2 O-O 8.O-O Nc6
9.Nxc6 bxc6 10.e5 Nd5 11.exd6 Bxd6 12.Ne4 Be7 13.c4 Nb4 14.Qa4 Qc7 15.Rd1 a5
16.Be3 f5 17.Nc5 e5 18.a3 f4 19.axb4 fxe3 20.fxe3 Bxc5 21.bxc5 Rb8 22.Qxc6
Qxc6 23.Bxc6 Rxb2 24.Bd5+ Kh8 25.Rf1 Rd8 26.Rf2 Rb3 27.Raf1 Rg8 28.Rf8 {#r}
1-0

[Event "Ch Romania (1/2 final)"]
[Site "masterchessopen.com Baile Tusnad (Romania)"]
[Round "2"]
[White "Berescu Alin (ROM)"]
[Black "Ungureanu Vlad (ROM)"]
[Result "1-0"]
[WhiteElo "2386"]
[BlackElo "2226"]

1.e4 c5 2.Nf3 e6 3.d4 cxd4 4.Nxd4 Nf6 5.Nc3 d6 6.g3 a6 7.Bg2 Qc7 8.O-O Bd7
9.a4 Nc6 10.Nb3 Ne5 11.f4 Nc4 12.Qe2 Be7 13.Rd1 O-O 14.Kh1 Rfc8 15.a5 Rab8
16.Bf1 Bc6 17.Qxc4 {#r} 1-0

[Event "Ch Romania (1/2 final)"]
[Site "masterchessopen.com Baile Tusnad (Romania)"]
[Round "5"]
[White "Popescu Daniel Dorin (ROM)"]
[Black "Dumitrescu Dragos-Nicolae (ROM)"]
[Result "1-0"]
[WhiteElo "2355"]
[BlackElo "2394"]

1.e4 c5 2.Nf3 d6 3.d4 cxd4 4.Nxd4 e6 5.Nc3 Nf6 6.g3 Be7 7.Bg2 O-O 8.O-O a6
9.Be3 Qc7 10.g4 Nc6 11.g5 Nd7 12.Nxc6 bxc6 13.f4 d5 14.Qh5 Bc5 15.Bxc5 Nxc5
16.Kh1 Rb8 17.b3 Rb4 18.e5 f5 19.gxf6 gxf6 20.Ne2 Qf7 21.Qh3 Ne4 22.c3 Rb7
23.Bxe4 dxe4 24.Ng3 fxe5 25.fxe5 Qg7 26.Nh5 Qh6 27.Rf6 {#r} 1-0

[Event "Cup Azerbaijan"]
[Site "masterchessopen.com Baku (Azerbaijan)"]
[Round "0"]
[White "Dovliatov Sanan (AZE)"]
[Black "Godjaev Galib (AZE)"]
[Result "0-1"]
[WhiteElo "2339"]
[BlackElo "2327"]

1.e4 c5 2.Nf3 e6 3.d4 cxd4 4.Nxd4 Nf6 5.Nc3 d6 6.g3 Nc6 7.Bg2 Bd7 8.O-O Be7
9.b3 O-O 10.Bb2 a6 11.a4 Rc8 12.Nce2 Qc7 13.c4 Rfe8 14.h3 Nxd4 15.Nxd4 e5
16.Nf5 Bf8 17.Ne3 b5 18.cxb5 axb5 19.a5 Bc6 20.Qd3 Qb7 {#R} 0-1

[Event "Cup Azerbaijan"]
[Site "masterchessopen.com Baku (Azerbaijan)"]
[Round "0"]
[White "Dovliatov Sanan (AZE)"]
[Black "Maharramzade Javad (AZE)"]
[Result "1-0"]
[WhiteElo "2339"]
[BlackElo "2422"]

1.e4 c5 2.Nf3 e6 3.d4 cxd4 4.Nxd4 Nf6 5.Nc3 d6 6.g3 a6 7.Bg2 Qc7 8.O-O Nc6
9.Re1 Bd7 10.Nxc6 bxc6 11.Na4 Be7 12.c4 c5 13.e5 {#r} 1-0

[Event "Ch Catalunia (team)"]
[Site "masterchessopen.com Catalunia (Spain)"]
[Round "7"]
[White "Codina Garcia Jose (ESP)"]
[Black "Lacasa Diaz Jose Antonio (ESP)"]
[Result "0-1"]
[WhiteElo "2165"]
[BlackElo "2335"]

1.e4 c5 2.Nf3 e6 3.d4 cxd4 4.Nxd4 Nf6 5.Nc3 d6 6.g3 Bd7 7.Bg2 Nc6 8.O-O Be7
9.Nde2 a6 10.h3 b5 11.a3 Rb8 12.g4 h6 13.Ng3 a5 14.a4 bxa4 15.Rxa4 Qc7 16.Rc4
Qb6 17.b3 Ne5 18.Be3 Qa6 19.Rd4 Rc8 20.Nce2 Bc6 21.Nf4 Ned7 22.Rd2 O-O 23.Nd3
d5 24.g5 hxg5 25.Bxg5 dxe4 26.Nxe4 Bxe4 27.Bxe4 Nxe4 28.Bxe7 Nxd2 29.Qxd2 Rfe8
30.Ba3 e5 31.Re1 e4 32.Nf4 {#R} 0-1

[Event "Czech League (2nd)"]
[Site "masterchessopen.com Czech Republic"]
[Round "0"]
[White "Fiala Robert (CZE)"]
[Black "Chmelik Jiri (CZE)"]
[Result "1-0"]
[WhiteElo "2186"]
[BlackElo "2118"]

1.e4 c5 2.Nf3 d6 3.d4 cxd4 4.Nxd4 Nf6 5.Nc3 e6 6.g3 Nc6 7.Bg2 Bd7 8.O-O Be7
9.Kh1 O-O 10.f4 Nxd4 11.Qxd4 Bc6 12.Qf2 Qc7 13.h3 b5 14.a3 a6 15.g4 Qb7 16.Re1
Ne8 17.Be3 Nc7 18.Rad1 Rad8 19.Bd4 Rfe8 20.Kh2 Bf8 21.Rf1 a5 22.f5 b4 23.axb4
axb4 24.fxe6 Nxe6 25.Nd5 Bxd5 26.exd5 Nc5 27.Rde1 Rxe1 28.Rxe1 Nd7 29.Qf4 Ne5
30.Kh1 f6 31.Be4 Qf7 32.Rf1 Be7 33.Qd2 Rb8 34.Bxe5 {#r} 1-0

[Event "Ch Hungary (team) 1998/99 (3 liga)"]
[Site "masterchessopen.com Hungary"]
[Round "2"]
[White "Rozsnyai Tibor (HUN)"]
[Black "Vereb Andras (HUN)"]
[Result "1-0"]
[WhiteElo "2133"]
[BlackElo "2086"]

1.e4 c5 2.Nf3 e6 3.d4 cxd4 4.Nxd4 Nf6 5.Nc3 d6 6.g3 Be7 7.Bg2 O-O 8.O-O a6
9.a4 Qc7 10.f4 Nc6 11.Nb3 b6 12.g4 Bb7 13.g5 Nd7 14.Qh5 g6 15.Qe2 Rfe8 16.h4
Nc5 17.Be3 Bf8 18.Rad1 Rad8 19.h5 Bg7 20.hxg6 hxg6 21.Qc4 d5 22.exd5 exd5
23.Nxd5 Rxd5 24.Bxd5 Rxe3 25.Nxc5 bxc5 26.Qxc5 Rh3 27.Kg2 Qc8 28.f5 Rh5
29.Bxf7+ Kxf7 30.Qd5+ Ke8 31.Qg8+ Bf8 32.Qxg6+ Ke7 33.f6+ Ke6 34.f7+ {#r} 1-0

[Event "It (open)"]
[Site "masterchessopen.com Martigny (Switzerland)"]
[Round "2"]
[White "Bertazzo Giorgio (SUI)"]
[Black "Klovans Janis (LAT)"]
[Result "0-1"]
[WhiteElo "2078"]
[BlackElo "2465"]

1.e4 c5 2.Nf3 e6 3.d4 cxd4 4.Nxd4 Nf6 5.Nc3 d6 6.g3 Nc6 7.Bg2 Bd7 8.O-O a6
9.Kh1 Be7 10.f4 Rc8 11.Nb3 b5 12.a3 O-O 13.g4 b4 14.axb4 Nxb4 15.g5 Ne8 16.h4
g6 17.Be3 Ng7 18.Rf2 Qc7 19.Nd4 e5 20.Nde2 Bg4 21.Bf3 Bxf3+ 22.Rxf3 Qb7 23.Ng3
Rfd8 24.fxe5 dxe5 25.Qe2 Ne6 26.Rc1 Nd4 {#R} 0-1

[Event "Ch Germany (juniors) (under 16) (g)"]
[Site "masterchessopen.com Oberhof (Germany)"]
[Round "9"]
[White "Gorka Christiane (GER)"]
[Black "Schulte Stefanie (GER)"]
[Result "1-0"]
[WhiteElo "1675"]
[BlackElo "2115"]

1.e4 c5 2.Nf3 d6 3.d4 cxd4 4.Nxd4 Nf6 5.Nc3 e6 6.g3 Be7 7.Bg2 a6 8.O-O Qc7
9.a4 Nc6 10.Nb3 b6 11.f4 Bb7 12.g4 h6 13.Be3 Rb8 14.Qe2 Nh7 15.Qf2 Bc8 16.Rad1
Bf6 17.e5 Be7 18.exd6 Bxd6 19.Bxb6 Rxb6 20.Rxd6 Qxd6 21.Qxb6 Bd7 22.Rd1 Qb4
23.Qc7 Nb8 24.Rd4 {#r} 1-0

[Event "Ch World (juniors) (under 16)"]
[Site "masterchessopen.com Oropesa (Spain)"]
[Round "5"]
[White "Fluvia Poyatos Joan (ESP)"]
[Black "Acher Mathieu (FRA)"]
[Result "1-0"]
[WhiteElo "2335"]
[BlackElo "2219"]

1.e4 c5 2.Nf3 e6 3.d4 cxd4 4.Nxd4 Nf6 5.Nc3 d6 6.g3 a6 7.Bg2 Be7 8.O-O Qc7
9.f4 O-O 10.g4 Re8 11.g5 Nfd7 12.Rf3 Nc6 13.Nb3 b5 14.Rh3 g6 15.Qe1 b4 16.Qh4
Nf8 17.Ne2 d5 18.Ng3 Na5 19.Nxa5 Bc5+ 20.Kh1 Qxa5 21.Bd2 Bb7 22.f5 exf5
23.exf5 Bc8 24.Rf1 Ra7 25.Qh6 Bxf5 26.Rxf5 gxf5 27.Nh5 f6 28.Nxf6+ {#r} 1-0

[Event "Ch Switzerland (team)"]
[Site "masterchessopen.com Switzerland"]
[Round "8"]
[White "Milosevic Goran (SUI)"]
[Black "Vuilleumier Alex (SUI)"]
[Result "1-0"]
[WhiteElo "2348"]
[BlackElo "2059"]

1.e4 c5 2.Nc3 e6 3.Nf3 Nf6 4.d4 cxd4 5.Nxd4 d6 6.g3 a6 7.Bg2 Qc7 8.O-O Be7
9.a4 Nc6 10.Nb3 b6 11.f4 Bb7 12.Be3 Rd8 13.Qe2 O-O 14.Rad1 Nd7 15.g4 Nc5 16.g5
Nxb3 17.cxb3 Rb8 18.Rf3 Rfe8 19.Rh3 g6 20.Qf2 Ba8 21.Rc1 Qd8 22.Bf3 Bf8 23.Rd1
Na5 24.Bd4 Bg7 25.Bxg7 Kxg7 26.b4 Nc6 27.b5 Na7 28.bxa6 e5 29.Qh4 Rh8 30.fxe5
{#r} 1-0

[Event "It (cat.10)"]
[Site "masterchessopen.com Sydney (Australia)"]
[Round "8"]
[White "Benjamin Joel (USA)"]
[Black "Johansen Darryl K (AUS)"]
[Result "1-0"]
[WhiteElo "2579"]
[BlackElo "2496"]

1.e4 c5 2.Nf3 d6 3.d4 cxd4 4.Nxd4 Nf6 5.Nc3 e6 6.g3 Nc6 7.Bg2 Bd7 8.O-O Be7
9.Nb3 O-O 10.Kh1 a6 11.f4 b5 12.a3 Rc8 13.Be3 Be8 14.g4 Nd7 15.Qe2 Nb6 16.Rad1
Qc7 17.Bc1 Na4 18.Rd3 Nc5 19.Rh3 b4 20.axb4 Nxb3 21.cxb3 Nxb4 22.g5 f6 23.gxf6
Rxf6 24.f5 e5 25.Rg1 Qb7 26.Bf3 Bf8 27.Bg5 Rf7 28.Qf2 Nd3 29.Qh4 h6 30.Bxh6
Rxc3 31.bxc3 Bc6 32.Be3 Rf6 33.Qxf6 {#r} 1-0

[Event "Ch Poland (youth) (under 26)"]
[Site "masterchessopen.com Warsaw (Poland)"]
[Round "0"]
[White "Deszczynski Adam (POL)"]
[Black "Kaczorowska Malgorzata (POL)"]
[Result "1-0"]
[WhiteElo "2335"]
[BlackElo "1987"]

1.e4 c5 2.Nf3 e6 3.d4 cxd4 4.Nxd4 Nf6 5.Nc3 d6 6.g3 Be7 7.Bg2 a6 8.O-O Qc7
9.Be3 Bd7 10.Qe2 Nc6 11.f4 O-O 12.Rad1 Rac8 13.Nb3 b5 14.a3 Rfd8 15.g4 Be8
16.g5 Nd7 17.Bh3 Na5 18.f5 Nxb3 19.cxb3 Rb8 20.fxe6 Nb6 21.exf7+ Bxf7 22.Rxf7
Kxf7 23.Qh5+ Kg8 24.Be6+ Kh8 25.g6 h6 26.b4 {#r} 1-0